00764nab a2200193 4500999001900000001000600019003000400025005001700029007000300046008001900049040002100068245021100089264000900300653002100309653005800330773008100388942000900469952009200478 c372268d37226890031OSt20230303130412.0tu110905s2000||||||| aDE-2950cDE-295000a150 Jahre altes Instrument wieder zum Klingen und Strahlen gebracht.bViele Stunden Arbeit stecken in der Restaurierung des Echo-Cornets aus der Zeit von etwa 1870 bis 1880 ... / cFoto: René Matschkowiak c2023 aFrankfurt (Oder) aDobberstein, Christian und Hartmut; Instrumentenbauer0 g34. Jahrgang (2023) Nr. 50, 28.02.2023, S. 13: FototMärkische Oderzeitung 2zcA 00102z4070aStAFFbStAFFcGENd2023-03-03l0oZ2r2023-03-03 00:00:00w2023-03-03yA